000 00800nam a22001935i 4500
001 161667
003 ES-MaACL
005 20230906212332.0
008 950206s1886 sp |||| | spa d
040 _aCLM
_bspa
_cCCPB | PA2
100 1 _aPeña y Cuéllar, Nicolás de la.
_9131090
245 1 0 _aIntroducción al estudio del derecho militar y organización y atribuciones de los tribunales de guerra /
_cpor Nicolás de la Peña y Cuéllar...
260 _aMadrid :
_b[s.n.],
_c1886 (
_fTip. de Manuel G. Hernández)
300 _a629 p. ;
_c23 cm.
594 1 _aPrecede al tít.: Legislación militar novísima [también como tít. de antep.]
650 4 _aDerecho militar-
_zEspaña-
_yS. XIX.
_9135894
650 _aTribunales militares.
_9171543
852 _aES-MaACL
_jB-5490
_z-- Enc. pasta
999 _c161667
_d161667